MARC

LEADER 00000nam0a2200000 4500
001 322878
005 20231102003521.0
035 |a (RuTPU)RU\TPU\book\348436 
035 |a RU\TPU\book\347020 
035 |a RU\TPU\book\349622 
090 |a 322878 
100 |a 20160825d1975 k y0rusy50 ca 
101 0 |a rus 
102 |a RU 
105 |a a z 001zy 
200 1 |a Материалы по палеонтологии среднего палеозоя Урала и Казахстана  |e [сборник]  |f Академия наук СССР, Уральский научный центр, Институт геологии и геохимии им. А. Н. Заварицкого ; отв. ред. В. П. Сапельников , Б. И. Чувашов 
210 |a Свердловск  |c Изд-во УНЦ АН СССР  |d 1975 
215 |a 130 с.  |c ил. 
225 1 |a Труды института геологии и геохимии  |v Вып. 117 
225 1 |a Сборник по вопросам стратиграфии  |v № 23 
320 |a Библиогр. в конце ст. 
606 1 |a Стратиграфия  |y Урал  |2 stltpush  |3 (RuTPU)RU\TPU\subj\72266  |9 85830 
606 1 |a Палеонтология  |y Урал  |2 stltpush  |3 (RuTPU)RU\TPU\subj\67041  |9 82931 
606 1 |a Палеонтология  |y Казахстан  |2 stltpush  |3 (RuTPU)RU\TPU\subj\48011  |9 66893 
610 1 |a водоросли 
610 1 |a пентамериды 
610 1 |a брахиоподы 
610 1 |a граптолиты 
610 1 |a палеозой 
610 1 |a силур 
610 1 |a девон 
675 |a 551.7(47)  |v 4 
675 |a 56(470)  |v 4 
675 |a 56(574/575)  |v 4 
702 1 |a Сапельников  |b В. П.  |4 340 
702 1 |a Чувашов  |b Б. И.  |4 340 
712 0 2 |a Академия наук СССР  |b Уральский научный центр  |b Институт геологии и геохимии им. А. Н. Заварицкого  |c (Свердловск)  |c (1971-1987)  |2 stltpush  |3 (RuTPU)RU\TPU\col\10909  |9 24945 
801 1 |a RU  |b 63413507  |c 20161006 
801 2 |a RU  |b 63413507  |c 20181115  |g RCR 
942 |c BK